Inside corba : distributed object standards and applications

Αποθηκεύτηκε σε:
Λεπτομέρειες βιβλιογραφικής εγγραφής
Κύριος συγγραφέας: Mowbray, Thomas J.
Άλλοι συγγραφείς: Ruh, William A.
Μορφή: Βιβλίο
Γλώσσα:English
Δημοσίευση: Reading, Mass. : Addison Wesley, 1997
Σειρά:Addison-Wesley object technology series
Θέματα:
Ετικέτες: Προσθήκη ετικέτας
Δεν υπάρχουν, Καταχωρήστε ετικέτα πρώτοι!

MARC

LEADER 00000nam a2200000 i 4500
001 1/56624
008 981204s1997 eng d
020 |a 0-201-89540-4 
035 |l 10045599 
040 |a GR-MY-UA  |b gre  |e aacr 
041 0 |a eng 
082 0 |a 005.2760218 
100 1 |a Mowbray, Thomas J. 
245 1 0 |a Inside corba :  |b distributed object standards and applications /  |c Thomas J. Mowbray, William A. Ruh 
260 |a Reading, Mass. :   |b Addison Wesley,   |c 1997 
300 |a xxiii, 376 p.;  |b ill.;  |c 24 cm. 
490 1 |a Addison-Wesley object technology series 
500 |a Includes bibliography and index 
650 0 0 |a Object-oriented programming (Computer science) 
650 0 0 |a CORBA (Computer architecture) 
700 1 |a Ruh, William A. 
830 0 |a Addison-Wesley object technology series 
852 |a INST  |b SAMOS  |e 19981204  |h 005.2760218 MOW  |p 005300013727  |q 005300013727  |t BK  |y 0 
901 |a BIBL-1998-3 
909 |a Σ  |b 060292 
922 |a 3ΕΛΗ  |b 199810  |c ΤΠΕΣ  |d ΠΑΠΑΣΩΤΗΡΙΟΥ